[Event "TCh-CHN 2017"]
[Site "China CHN"]
[Date "2017.12.04"]
[Round "21.1"]
[Board "2"]
[White "Zhou, Weiqi"]
[Black "Yu, Yangyi"]
[Result "0-1"]
[WhiteTitle "GM"]
[BlackTitle "GM"]
[WhiteElo "2613"]
[BlackElo "2751"]
[WhiteTeam "Chongqing"]
[BlackTeam "Beijing"]
[WhiteFideId "8601674"]
[BlackFideId "8603820"]
[EventDate "2017.04.18"]

1. d4 Nf6 2. c4 g6 3. g3 Bg7 4. Bg2 O-O 5. Nf3 d6 6. O-O Nbd7 7. Nc3 e5 8. Qc2
exd4 9. Nxd4 Nb6 10. Rd1 Nxc4 11. Ncb5 a6 12. Qxc4 axb5 13. Nxb5 Ne8 14. Qb4 Be6
15. Be3 Qe7 16. Nc3 Nf6 17. Qh4 Ra5 18. Bg5 h6 19. Bxh6 Rh5 20. Bxg7 Rxh4 21.
Bxf8 Kxf8 22. gxh4 d5 23. e3 Qb4 24. Rd2 Qxh4 25. f3 c6 26. Rad1 Kg7 27. Re2 Nd7
28. Rd4 Qf6 29. f4 Bg4 30. Rf2 Nc5 31. h3 Bf5 32. Bf1 Qh4 33. Ne2 Bxh3 34. Rf3
Bg4 35. f5 Ne4 36. f6+ Kg8 37. Rxe4 dxe4 38. Rf4 Qg5 39. Kf2 Be6 40. Nc3 Qe5 41.
Be2 Bf5 42. Bg4 Bxg4 43. Rxg4 Qxf6+ 44. Rf4 Qe5 0-1

[Event "TCh-CHN 2017"]
[Site "China CHN"]
[Date "2017.12.04"]
[Round "21.1"]
[Board "3"]
[White "Andreikin, Dmitry"]
[Black "Li, Chao b"]
[Result "1/2-1/2"]
[WhiteTitle "GM"]
[BlackTitle "GM"]
[WhiteElo "2712"]
[BlackElo "2732"]
[WhiteTeam "Chongqing"]
[BlackTeam "Beijing"]
[WhiteFideId "4158814"]
[BlackFideId "8604436"]
[EventDate "2017.04.18"]

1. e4 e5 2. Nf3 Nf6 3. Nxe5 d6 4. Nf3 Nxe4 5. d3 Nf6 6. d4 Be7 7. Bd3 O-O 8. O-O
c5 9. c4 d5 10. dxc5 dxc4 11. Bxc4 Qxd1 12. Rxd1 Bxc5 13. Nc3 Bg4 14. h3 Bxf3
15. gxf3 Nc6 16. Nd5 Nxd5 17. Rxd5 Be7 18. Be3 Rfd8 19. Rc1 Bf6 20. b3 g6 21.
Kg2 Kg7 22. a4 Nd4 23. Rd1 Rxd5 24. Bxd5 Nf5 25. Bxb7 Rd8 26. Rxd8 Nxe3+ 27.
fxe3 Bxd8 28. b4 f5 29. a5 Be7 30. b5 Bc5 31. e4 Kf6 32. f4 fxe4 33. Bxe4 Bd6
34. Kf3 Bc7 35. b6 axb6 36. a6 Bb8 37. Bd3 b5 38. Ke4 b4 39. Kd4 g5 40. f5 h5
41. Kc4 g4 42. hxg4 hxg4 43. Kxb4 g3 44. Be4 Ke5 1/2-1/2

[Event "TCh-CHN 2017"]
[Site "China CHN"]
[Date "2017.12.04"]
[Round "21.1"]
[Board "4"]
[White "Wang, Jue"]
[Black "Lei, Tingjie"]
[Result "0-1"]
[WhiteTitle "WGM"]
[BlackTitle "GM"]
[WhiteElo "2359"]
[BlackElo "2528"]
[WhiteTeam "Beijing"]
[BlackTeam "Chongqing"]
[WhiteFideId "8604070"]
[BlackFideId "8605114"]
[EventDate "2017.04.18"]

1. e4 e5 2. Nf3 Nc6 3. Bb5 Nf6 4. d3 d6 5. O-O Bd7 6. Re1 g6 7. d4 Bg7 8. dxe5
Nxe5 9. Bxd7+ Nfxd7 10. Nc3 O-O 11. Nxe5 Nxe5 12. Qe2 f5 13. exf5 Rxf5 14. Nd5
c6 15. Ne3 Rf7 16. Bd2 Qh4 17. Rf1 d5 18. f3 Re8 19. Qf2 Qd4 20. b3 Bf6 21. f4
Nd7 22. c3 Qd3 23. Rae1 Rfe7 24. f5 g5 25. Bc1 Qxc3 26. Bd2 Qd3 27. Ng4 Re2 28.
Nxf6+ Nxf6 29. Rxe2 Rxe2 30. Qxa7 Qxd2 31. Qb8+ Ne8 32. f6 Qd4+ 33. Kh1 Qxf6 34.
Kg1 Qd4+ 0-1

[Event "TCh-CHN 2017"]
[Site "China CHN"]
[Date "2017.12.04"]
[Round "21.1"]
[Board "5"]
[White "Zhao, Xue"]
[Black "Tan, Zhongyi"]
[Result "1/2-1/2"]
[WhiteTitle "GM"]
[BlackTitle "GM"]
[WhiteElo "2477"]
[BlackElo "2517"]
[WhiteTeam "Beijing"]
[BlackTeam "Chongqing"]
[WhiteFideId "8601283"]
[BlackFideId "8603642"]
[EventDate "2017.04.18"]

1. d4 Nf6 2. c4 e6 3. Nc3 Bb4 4. Qc2 O-O 5. Nf3 d5 6. Bg5 h6 7. Bxf6 Qxf6 8. a3
Bxc3+ 9. Qxc3 dxc4 10. Qxc4 c6 11. g3 Nd7 12. Qc3 c5 13. Bg2 b6 14. Ne5 cxd4 15.
Qc7 Nxe5 16. Bxa8 Ba6 17. Qxa7 Bc4 18. f4 d3 19. fxe5 Qxe5 20. Bf3 Qe3 21. Kf1
Rd8 22. Kg2 Bd5 23. Rhe1 d2 24. Bxd5 dxe1=N+ 25. Rxe1 exd5 26. Qc7 Qe4+ 27. Kg1
Qe3+ 28. Kg2 Re8 29. Qf4 Qb3 30. Qd2 Qc4 31. e3 Qe4+ 32. Kf2 Qf5+ 33. Kg1 h5 34.
Rd1 Re5 35. Qd4 Qe6 36. Rd3 b5 37. Kg2 f6 38. Rc3 h4 39. Qxh4 Rxe3 40. Rxe3 Qxe3
41. Qg4 Qd2+ 42. Kh3 Qd3 43. Qe6+ Kh7 44. Kg2 f5 45. Kf2 Qd4+ 46. Kf3 Qg4+ 47.
Kf2 d4 48. Qe2 Qh3 49. Ke1 Qh6 50. Kd1 Qc6 51. Kd2 Kg6 52. Qe5 Qg2+ 53. Qe2 Qc6
54. Qe5 Qg2+ 55. Qe2 Qc6 56. Qe5 Qg2+ 1/2-1/2

[Event "TCh-CHN 2017"]
[Site "China CHN"]
[Date "2017.12.04"]
[Round "21.2"]
[Board "1"]
[White "Rapport, Richard"]
[Black "Ma, Qun"]
[Result "0-1"]
[WhiteTitle "GM"]
[BlackTitle "GM"]
[WhiteElo "2707"]
[BlackElo "2638"]
[WhiteTeam "Shenzhen"]
[BlackTeam "Hangzhou"]
[WhiteFideId "738590"]
[BlackFideId "8603154"]
[EventDate "2017.04.18"]

1. e4 e5 2. Nf3 Nc6 3. Bc4 Bc5 4. c3 Nf6 5. d3 d6 6. Bb3 Bb6 7. a4 a6 8. Na3 Ne7
9. a5 Ba7 10. Bg5 Ng6 11. Nh4 Nxh4 12. Bxh4 h6 13. Nc2 Qe7 14. Qe2 c6 15. Ne3
Be6 16. Bxe6 Qxe6 17. Qf3 Bxe3 18. Qxe3 g5 19. Bg3 Nh5 20. Ra4 c5 21. Rc4 O-O
22. Qe2 Nxg3 23. hxg3 b5 24. axb6 Rab8 25. f4 gxf4 26. gxf4 Rxb6 27. Qd2 exf4
28. Qxf4 Kg7 29. b4 a5 30. Qg3+ Kh7 31. Qf2 axb4 32. cxb4 Rxb4 33. O-O Rxc4 34.
dxc4 Qxe4 35. Qf6 Qxc4 36. Rf4 Qd5 37. Qe7 Qe5 38. Rxf7+ Rxf7 39. Qxf7+ Qg7 40.
Qf5+ Kh8 41. Qc8+ Qg8 42. Qf5 Qd8 43. Qf7 d5 44. Qe6 Kg7 45. Qe5+ Kg6 46. Qe6+
Kh7 47. Qf5+ Kg7 48. Qe5+ Qf6 49. Qc7+ Kg6 50. Qxc5 d4 51. Qd5 Qf4 52. Qg8+ Kf5
53. Qh7+ Ke5 54. Qe7+ Kd5 55. Qb7+ Kc4 56. Qa6+ Kc3 57. Qa3+ Kc2 58. Qa2+ Kc1
59. Qc4+ Kd2 60. Qb4+ Ke3 61. Qe1+ Kd3 62. Qd1+ Qd2 63. Qb3+ Qc3 64. Qd1+ Ke3
65. Kh2 Kf2 66. Qg4 Qc7+ 67. Kh3 Qe5 68. Qf3+ Ke1 69. g3 Qe6+ 70. Kh4 Qe2 71.
Qh1+ Kf2 72. Qh2+ Ke3 73. Qg1+ Ke4 74. Qh1+ Ke5 75. Qa1 Kf5 76. Qa5+ Qe5 77. g4+
Kf4 78. Qd2+ Qe3 79. Qh2+ Kf3 80. Qh1+ Ke2 81. Qc6 d3 82. Qa6 Kf2 83. Qf6+ Kg2
84. Qb2+ Qf2+ 0-1

[Event "TCh-CHN 2017"]
[Site "China CHN"]
[Date "2017.12.04"]
[Round "21.2"]
[Board "2"]
[White "Wang, Hao"]
[Black "Vallejo Pons, Francisco"]
[Result "1/2-1/2"]
[WhiteTitle "GM"]
[BlackTitle "GM"]
[WhiteElo "2709"]
[BlackElo "2707"]
[WhiteTeam "Shenzhen"]
[BlackTeam "Hangzhou"]
[WhiteFideId "8602883"]
[BlackFideId "2205530"]
[EventDate "2017.04.18"]

1. e4 e6 2. d4 d5 3. Nc3 Bb4 4. e5 Ne7 5. a3 Bxc3+ 6. bxc3 c5 7. a4 Bd7 8. f4
Qa5 9. Bd2 c4 10. Qb1 Na6 11. Nf3 Bxa4 12. Qb2 b5 13. Be2 Nb8 14. O-O Nbc6 15.
Be1 O-O 16. Bf2 Qc7 17. g3 a5 18. Kg2 Qd7 19. Ra2 f6 20. Qc1 Nc8 21. Qd2 Nb6 22.
Rfa1 Ne7 23. Kg1 Nc6 24. Kg2 Ne7 25. Kg1 Ra6 26. Bf1 Nc6 27. Qe3 f5 28. Be1 Ra7
29. Rb1 Rb7 30. Qc1 Rfb8 31. Rab2 Nc8 32. Ra2 Nb6 33. Rab2 Ne7 34. Ra2 h6 35.
Kf2 Na8 36. Qa3 Nc7 37. Be2 Nc8 38. Rba1 Nb6 39. Nh4 Qd8 40. Nf3 Na6 41. h4 Qe8
42. Nh2 h5 43. Nf3 Qe7 44. Qxe7 Rxe7 1/2-1/2

[Event "TCh-CHN 2017"]
[Site "China CHN"]
[Date "2017.12.04"]
[Round "21.2"]
[Board "3"]
[White "Liu, Qingnan"]
[Black "Bai, Jinshi"]
[Result "1/2-1/2"]
[WhiteTitle "GM"]
[BlackTitle "GM"]
[WhiteElo "2522"]
[BlackElo "2556"]
[WhiteTeam "Shenzhen"]
[BlackTeam "Hangzhou"]
[WhiteFideId "8603294"]
[BlackFideId "8602280"]
[EventDate "2017.04.18"]

1. e4 e5 2. Nf3 Nf6 3. Nxe5 d6 4. Nf3 Nxe4 5. d4 d5 6. Bd3 Be7 7. O-O O-O 8. c4
Nf6 9. Nc3 Nc6 10. Re1 dxc4 11. Bxc4 Bg4 12. Be3 Qd7 13. h3 Bh5 14. a3 Rad8 15.
Rc1 a6 16. d5 Bxf3 17. Qxf3 Ne5 18. Qe2 Nxc4 19. Qxc4 b5 20. Qc6 Nxd5 21. Nxd5
Qxd5 22. Qxd5 Rxd5 23. Rxc7 Bf6 24. b4 Rd3 25. Bc5 Rfd8 26. Re3 Rxa3 27. Rxa3
Rd1+ 28. Kh2 Be5+ 29. g3 Bxc7 30. Rxa6 h5 31. Kg2 Rd8 32. Kf3 f5 33. Ra7 Be5 34.
Rb7 Rb8 35. Rd7 g6 36. Rd5 Bf6 37. Rd7 Be5 38. h4 Re8 39. Rb7 Rb8 40. Re7 Bf6
41. Rd7 Be5 42. Ba7 Ra8 43. Bc5 Re8 44. Rb7 Rb8 45. Re7 Bf6 46. Rd7 Be5 47. Ke3
Re8 48. Kd3 f4 49. gxf4 Bxf4 50. Bd4 Be5 51. Rd5 Bxd4 52. Kxd4 Rf8 53. Rxb5 Rxf2
54. Re5 Rb2 55. b5 Kf7 56. Kc5 Kf6 57. Rd5 Rc2+ 58. Kd6 Rc4 59. b6 Rxh4 60. Kc5
Re4 61. Rd6+ Kf5 62. Rd5+ Kf6 63. Rd6+ Kf5 64. Rd5+ 1/2-1/2

[Event "TCh-CHN 2017"]
[Site "China CHN"]
[Date "2017.12.04"]
[Round "21.2"]
[Board "4"]
[White "Harika, Dronavalli"]
[Black "Huang, Qian"]
[Result "1/2-1/2"]
[WhiteTitle "GM"]
[BlackTitle "WGM"]
[WhiteElo "2504"]
[BlackElo "2438"]
[WhiteTeam "Hangzhou"]
[BlackTeam "Shenzhen"]
[WhiteFideId "5015197"]
[BlackFideId "8602689"]
[EventDate "2017.04.18"]

1. c4 c6 2. Nf3 d5 3. e3 Nf6 4. Nc3 Bf5 5. cxd5 Nxd5 6. Nxd5 Qxd5 7. d3 Bg4 8.
h3 Bxf3 9. Qxf3 Qxf3 10. gxf3 e5 11. Bd2 Na6 12. a3 Nc5 13. Bc3 Nb3 14. Rd1 f6
15. d4 exd4 16. exd4 b6 17. d5 O-O-O 18. dxc6 Rxd1+ 19. Kxd1 Kc7 20. Kc2 Na5 21.
Rg1 Nxc6 22. h4 Ne5 23. Rg3 g6 24. f4 Nd7 25. Bh3 Bd6 26. Re3 Rf8 27. f5 Be5 28.
f4 Bxf4 29. Re7 g5 30. hxg5 Bxg5 31. Rxh7 a5 32. Bf1 Kc6 33. Re7 Rh8 34. Re6+
Kc7 35. Bb5 Rh2+ 36. Kb1 Rh1+ 37. Ka2 Rd1 38. Bxd7 Rxd7 39. Bxf6 Bxf6 40. Rxf6
a4 41. Re6 Rd1 42. f6 Rf1 43. b4 axb3+ 44. Kxb3 Kd7 45. Re7+ Kd6 46. Rf7 Ke6 47.
Rb7 Kxf6 48. Rxb6+ Ke7 49. Kc4 Kd7 50. a4 Rc1+ 51. Kd5 Rd1+ 52. Kc5 Rc1+ 53. Kb5
Rb1+ 54. Ka6 Rxb6+ 55. Kxb6 Kc8 1/2-1/2

[Event "TCh-CHN 2017"]
[Site "China CHN"]
[Date "2017.12.04"]
[Round "21.2"]
[Board "5"]
[White "Gu, Tianlu"]
[Black "Ushenina, Anna"]
[Result "0-1"]
[WhiteTitle "WIM"]
[BlackTitle "GM"]
[WhiteElo "2197"]
[BlackElo "2416"]
[WhiteTeam "Hangzhou"]
[BlackTeam "Shenzhen"]
[WhiteFideId "8603995"]
[BlackFideId "14110911"]
[EventDate "2017.04.18"]

1. Nf3 Nf6 2. d4 d5 3. c4 dxc4 4. a4 c5 5. Na3 Be6 6. e3 Nc6 7. Nxc4 cxd4 8.
exd4 Bd5 9. Be2 e6 10. O-O Be7 11. Ne3 Be4 12. b3 O-O 13. Bb2 Rc8 14. Bc4 Qb6
15. Qe2 Rfd8 16. Rad1 h6 17. h3 Rc7 18. Bc3 Bxf3 19. Qxf3 Nxd4 20. Rxd4 Rxd4 21.
a5 Qd6 22. Bxd4 Qxd4 23. Rd1 Qc5 24. a6 bxa6 25. Bxa6 Qc6 26. Qxc6 Rxc6 27. Bc4
Rc7 28. Ng4 Nd7 29. Kf1 Kf8 30. Ne3 Nb6 31. Be2 Bf6 32. Nc4 Nd7 33. Nd6 Ke7 34.
Nb5 Rb7 35. Nd6 Rb8 36. Bb5 Nb6 37. Ne4 Be5 38. g3 f5 39. Nc5 Bd6 40. Na4 Nd7
41. Nc3 g5 42. Bc4 Ne5 43. Ra1 Bc5 44. Nb5 Rb7 45. Ra6 Bb6 46. Ke2 h5 47. f4
gxf4 48. gxf4 Nd7 49. Ra2 h4 50. b4 Nf6 51. Ra6 Ne4 52. Bd3 Rd7 53. Bxe4 fxe4
54. Nc3 Rd3 55. Na4 Ra3 56. b5 Bd4 0-1

[Event "TCh-CHN 2017"]
[Site "China CHN"]
[Date "2017.12.04"]
[Round "21.3"]
[Board "1"]
[White "Xu, Zhihang"]
[Black "Ni, Hua"]
[Result "0-1"]
[WhiteTitle "FM"]
[BlackTitle "GM"]
[WhiteElo "2373"]
[BlackElo "2671"]
[WhiteTeam "Qingdao"]
[BlackTeam "Shanghai"]
[WhiteFideId "8611572"]
[BlackFideId "8601160"]
[EventDate "2017.04.18"]

1. d4 Nf6 2. c4 e6 3. Nf3 d5 4. Nc3 a6 5. cxd5 exd5 6. Bg5 Be6 7. e3 Nbd7 8. Bd3
Bd6 9. O-O O-O 10. Qc2 h6 11. Bf4 Qe7 12. Rfe1 c6 13. Bxd6 Qxd6 14. Na4 Rfe8 15.
b4 Bg4 16. Nd2 b5 17. Nc5 Nxc5 18. dxc5 Qe5 19. h3 Bd7 20. a4 Ne4 21. Bxe4 dxe4
22. axb5 axb5 23. Rxa8 Rxa8 24. Qxe4 Qxe4 25. Nxe4 Ra4 26. Rb1 Bf5 27. f3 Kf8
28. Kf2 Ke7 29. Rb2 Bxe4 30. fxe4 Ke6 31. Kf3 Ke5 32. Rb1 h5 33. g4 h4 34. g5 g6
35. Rd1 Rxb4 36. Rd7 Ke6 37. Rd6+ Ke7 38. Rxc6 Rb1 39. Rb6 b4 40. Kg2 b3 41. Kf3
b2 42. Kg2 Rc1 43. Rb7+ Ke6 44. Rb6+ Ke7 45. Rb7+ Kf8 46. Rxb2 Rxc5 47. Kf3 Rxg5
48. Rg2 Ra5 49. Kf4 Kg7 50. Rg5 Ra1 51. Rg4 Rf1+ 52. Kg5 Rf3 53. Rxh4 f6+ 54.
Kg4 Rxe3 55. Kf4 Ra3 56. Rg4 g5+ 57. Kf5 Rf3+ 58. Ke6 Rxh3 59. Rg1 Re3 60. Kd5
Kg6 61. Kd4 Rf3 62. Rh1 g4 63. Rh8 g3 64. e5 Kg7 65. Rh1 f5 66. e6 f4 67. e7 Kf7
68. Rh7+ Ke8 69. Ke5 g2 70. Kf6 Re3 0-1

[Event "TCh-CHN 2017"]
[Site "China CHN"]
[Date "2017.12.04"]
[Round "21.3"]
[Board "2"]
[White "Ma, Zhonghan"]
[Black "Zhou, Jianchao"]
[Result "1/2-1/2"]
[WhiteTitle "IM"]
[BlackTitle "GM"]
[WhiteElo "2471"]
[BlackElo "2597"]
[WhiteTeam "Qingdao"]
[BlackTeam "Shanghai"]
[WhiteFideId "8607206"]
[BlackFideId "8603537"]
[EventDate "2017.04.18"]

1. d4 d5 2. c4 e6 3. Nf3 a6 4. e3 Nf6 5. Nbd2 Nbd7 6. b3 b6 7. Bb2 Bb7 8. Bd3
Be7 9. O-O O-O 10. cxd5 Nxd5 11. Rc1 c5 12. Qe2 b5 13. Ne4 cxd4 14. Nxd4 Rc8 15.
Rxc8 Qxc8 16. Rc1 Qa8 17. Qh5 N5f6 18. Nxf6+ Nxf6 19. Qh4 h6 20. Qg3 Rc8 21.
Rxc8+ Qxc8 22. f3 Ne8 23. Qe1 Bd6 24. Ne2 Qc7 25. h3 Bc5 26. Qc1 Qd6 27. Bb1 Nc7
28. Bd4 Bxd4 29. Nxd4 g6 30. a3 e5 31. Ne2 a5 32. Ng3 Bd5 33. Ne4 Bxe4 34. Bxe4
Ne6 35. Bc6 b4 36. axb4 axb4 37. Bb5 1/2-1/2

[Event "TCh-CHN 2017"]
[Site "China CHN"]
[Date "2017.12.04"]
[Round "21.3"]
[Board "3"]
[White "Fang, Yuxiang"]
[Black "Grischuk, Alexander"]
[Result "1/2-1/2"]
[WhiteTitle "GM"]
[BlackTitle "GM"]
[WhiteElo "2497"]
[BlackElo "2772"]
[WhiteTeam "Qingdao"]
[BlackTeam "Shanghai"]
[WhiteFideId "8605840"]
[BlackFideId "4126025"]
[EventDate "2017.04.18"]

1. d4 Nf6 2. Nf3 e6 3. c4 c5 4. e3 cxd4 5. exd4 d5 6. Nc3 Bb4 7. cxd5 Nxd5 8.
Bd2 O-O 9. Bd3 Nc6 10. O-O Be7 11. Nxd5 exd5 12. h3 Bf6 13. Bc3 Be6 14. Re1 Re8
15. Rc1 Rc8 16. Qb3 Rc7 17. Qd1 Rc8 18. Qb3 Rc7 19. Qd1 Rc8 1/2-1/2

[Event "TCh-CHN 2017"]
[Site "China CHN"]
[Date "2017.12.04"]
[Round "21.3"]
[Board "4"]
[White "Muzychuk, Anna"]
[Black "Sun, Fanghui"]
[Result "0-1"]
[WhiteTitle "GM"]
[WhiteElo "2582"]
[BlackElo "2126"]
[WhiteTeam "Shanghai"]
[BlackTeam "Qingdao"]
[WhiteFideId "14111330"]
[BlackFideId "8604150"]
[EventDate "2017.04.18"]

1. e4 c5 2. Nc3 d6 3. Nge2 Nf6 4. g3 g6 5. Bg2 Bg7 6. O-O O-O 7. d3 Nc6 8. h3
Nd4 9. Be3 e5 10. f4 Nxe2+ 11. Qxe2 exf4 12. gxf4 Nh5 13. Qf2 f5 14. Rad1 Be6
15. d4 cxd4 16. Bxd4 fxe4 17. Bxg7 Kxg7 18. Qd4+ Qf6 19. Qxe4 Rad8 20. Qd4 d5
21. Ne2 Bf5 22. Qxa7 Qxb2 23. Rb1 Qxc2 24. Nd4 Qd2 25. Rf2 Qc3 26. Rb3 Qe1+ 27.
Rf1 Qd2 28. Rf2 Qe1+ 29. Rf1 Qd2 30. Qxb7+ Rf7 31. Nxf5+ gxf5 32. Qb6 Re8 33.
Rb2 Qd3 34. Qf2 Ng3 35. Rb3 Ne2+ 36. Kh2 Qc4 37. Qf3 d4 38. Rf2 Nc3 39. Bf1 Qe6
40. Rb4 Qd6 41. Rc4 Ne4 42. Rg2+ Kh8 43. Bd3 Nc5 44. Bf1 Rfe7 45. Qf2 Re4 46.
Qg3 Ne6 47. Kh1 Rxf4 48. Bd3 Qd5 49. Rc1 Rf3 50. Qh4 Ng7 51. Rc7 Rxd3 52. Rxg7
Rd1+ 53. Kh2 Qe5+ 54. R7g3 d3 55. Qh5 Re1 56. Qg5 Re2 57. Kh1 Re1+ 58. Kh2 Re2
59. Kh1 Rxg2 60. Rxg2 Qe1+ 61. Rg1 Qe4+ 62. Rg2 Qe5 63. a4 Rb8 64. Qc1 f4 65.
Rf2 Re8 66. Qb2 Qxb2 67. Rxb2 Re2 0-1

[Event "TCh-CHN 2017"]
[Site "China CHN"]
[Date "2017.12.04"]
[Round "21.3"]
[Board "5"]
[White "Ju, Wenjun"]
[Black "Hong, Xing"]
[Result "1-0"]
[WhiteTitle "GM"]
[WhiteElo "2567"]
[BlackElo "2017"]
[WhiteTeam "Shanghai"]
[BlackTeam "Qingdao"]
[WhiteFideId "8603006"]
[BlackFideId "8606129"]
[EventDate "2017.04.18"]

1. d4 Nf6 2. c4 g6 3. Nc3 Bg7 4. g3 O-O 5. Bg2 c5 6. d5 d6 7. Nf3 Nbd7 8. O-O a6
9. a4 b6 10. e4 Ng4 11. Qc2 e5 12. dxe6 fxe6 13. e5 Bb7 14. Ng5 Bxg2 15. Kxg2
Ndxe5 16. h3 Nf6 17. Nxe6 Qd7 18. Nxf8 Qb7+ 19. f3 Rxf8 20. Qe2 Qf7 21. b3 Nc6
22. Rb1 Nh5 23. Ne4 Nd4 24. Qd3 Qc7 25. Be3 Nf5 26. Rbe1 Kh8 27. f4 Nxe3+ 28.
Qxe3 Bd4 29. Qf3 Ng7 30. Nc3 Nf5 31. Nd5 Qd8 32. Re4 b5 33. Rfe1 bxc4 34. bxc4
Kg7 35. Ne7 Rf7 36. Nxf5+ gxf5 37. Re8 Qd7 38. Qd5 Bf6 39. R8e6 Be7 40. Qa8 Bf8
41. Qxa6 Qb7+ 42. Qxb7 Rxb7 43. a5 Kf7 44. R6e2 Ra7 45. Ra2 Bg7 46. a6 Bc3 47.
Re3 Bb4 48. g4 Kf6 49. Re8 1-0

[Event "TCh-CHN 2017"]
[Site "China CHN"]
[Date "2017.12.04"]
[Round "21.4"]
[Board "1"]
[White "Dai, Changren"]
[Black "Lin, Chen"]
[Result "0-1"]
[BlackTitle "GM"]
[WhiteElo "2437"]
[BlackElo "2477"]
[WhiteTeam "Tianjin"]
[BlackTeam "Jiangsu"]
[WhiteFideId "8608156"]
[BlackFideId "8602298"]
[EventDate "2017.04.18"]

1. e4 e5 2. Nf3 Nc6 3. Bb5 Nf6 4. O-O Nxe4 5. Re1 Nd6 6. Nxe5 Be7 7. Bf1 Nxe5 8.
Rxe5 O-O 9. d4 Bf6 10. Re2 Nf5 11. d5 d6 12. Nc3 Bxc3 13. bxc3 Bd7 14. Qd3 Qf6
15. Rb1 b6 16. Bd2 Rae8 17. Rbe1 a5 18. Qc4 Qd8 19. Rxe8 Rxe8 20. Rxe8+ Bxe8 21.
Bd3 Bd7 22. h3 h6 23. a3 Kf8 24. Kf1 Nh4 25. Qf4 Kg8 26. c4 Ng6 27. Qd4 Qh4 28.
f4 Qg3 29. f5 Qe5 30. Bc3 Bxf5 31. Qf2 Bxd3+ 0-1

[Event "TCh-CHN 2017"]
[Site "China CHN"]
[Date "2017.12.04"]
[Round "21.4"]
[Board "2"]
[White "Wang, Yue"]
[Black "Xu, Jun"]
[Result "1-0"]
[WhiteTitle "GM"]
[BlackTitle "GM"]
[WhiteElo "2690"]
[BlackElo "2507"]
[WhiteTeam "Tianjin"]
[BlackTeam "Jiangsu"]
[WhiteFideId "8601429"]
[BlackFideId "8600031"]
[EventDate "2017.04.18"]

1. d4 Nf6 2. c4 e6 3. g3 d5 4. Bg2 Be7 5. Nf3 O-O 6. Nc3 dxc4 7. Ne5 c5 8. dxc5
Qxd1+ 9. Nxd1 Bxc5 10. Nc3 Nc6 11. Nxc4 Bd7 12. O-O Rfd8 13. Bf4 Be8 14. Rfd1
Rxd1+ 15. Rxd1 Rd8 16. Rxd8 Nxd8 17. Bc7 Nc6 18. Nd6 Bxd6 19. Bxd6 Bd7 20. f4
Ne8 21. Ba3 b6 22. Kf2 Nb8 23. e4 Bc6 24. Ke3 f5 25. Bf1 g6 26. e5 Kf7 27. Nb5
a5 28. Bc4 Bd7 29. Nd6+ Nxd6 30. Bxd6 b5 31. Be2 Nc6 32. Bxb5 Nxe5 33. Bxd7 Nc4+
34. Kd4 Nxd6 35. Bc6 Ke7 36. Kc5 g5 37. fxg5 e5 38. Bd5 f4 39. gxf4 exf4 40. Kd4 1-0

[Event "TCh-CHN 2017"]
[Site "China CHN"]
[Date "2017.12.04"]
[Round "21.4"]
[Board "3"]
[White "Cheparinov, Ivan"]
[Black "Wei, Yi"]
[Result "1/2-1/2"]
[WhiteTitle "GM"]
[BlackTitle "GM"]
[WhiteElo "2710"]
[BlackElo "2743"]
[WhiteTeam "Tianjin"]
[BlackTeam "Jiangsu"]
[WhiteFideId "2905540"]
[BlackFideId "8603405"]
[EventDate "2017.04.18"]

1. c4 c5 2. Nf3 Nc6 3. Nc3 g6 4. e3 Nf6 5. d4 cxd4 6. exd4 d5 7. cxd5 Nxd5 8.
Qb3 e6 9. Bb5 Bg7 10. O-O O-O 11. Bxc6 bxc6 12. Na4 Qd6 13. Re1 Rb8 14. Qc2 c5
15. Nxc5 Nb4 16. Qc3 Bb7 17. a3 Nd5 18. Qd3 Ne7 19. Nxb7 Rxb7 20. b4 Nc6 21. Be3
Rd8 22. Bg5 Rdd7 23. Rac1 h6 24. Be3 Nxd4 25. Nxd4 Bxd4 26. Rc4 Bxe3 27. Qxe3
Qd2 28. Rc8+ Kh7 29. h4 Qxe3 30. Rxe3 Rd5 1/2-1/2

[Event "TCh-CHN 2017"]
[Site "China CHN"]
[Date "2017.12.04"]
[Round "21.4"]
[Board "4"]
[White "Guo, Qi"]
[Black "Chu, Ruotong"]
[Result "1/2-1/2"]
[WhiteTitle "IM"]
[WhiteElo "2396"]
[BlackElo "2166"]
[WhiteTeam "Jiangsu"]
[BlackTeam "Tianjin"]
[WhiteFideId "8604002"]
[BlackFideId "8605653"]
[EventDate "2017.04.18"]

1. c4 g6 2. Nc3 c5 3. Nf3 Nc6 4. e3 Nf6 5. d4 cxd4 6. exd4 d5 7. cxd5 Nxd5 8.
Qb3 Nxc3 9. Bc4 Nd5 10. Bxd5 e6 11. Bxc6+ bxc6 12. O-O Qd5 13. Qc3 Bg7 14. Bf4
O-O 15. Rfc1 Bb7 16. Be5 f6 17. Bg3 Rfc8 18. Qb4 Ba6 19. Qa4 Bb5 20. Qa5 Be2 21.
Rc5 Qd7 22. Qa4 Bxf3 23. gxf3 Bf8 24. Rc4 Qd5 25. Rac1 Qxf3 26. Rxc6 Rxc6 27.
Qxc6 Qxc6 28. Rxc6 Rd8 29. Rxe6 Rxd4 30. Rxf6 Ra4 31. Rc6 Rxa2 32. Rc8 Kf7 33.
Rc7+ Ke6 34. Rxh7 Bc5 35. Rc7 Bd4 36. Rc6+ Kf5 37. b3 Rb2 38. Rd6 Bb6 39. Rd5+
Ke4 40. Rg5 Kf3 41. h4 Rxb3 42. Rxg6 Bxf2+ 43. Bxf2 Rb1+ 44. Kh2 Kxf2 45. h5 Rb5
46. Rf6+ Ke3 47. h6 Rh5+ 48. Kg3 Ke4 49. Kg4 Ke5 50. Ra6 Rh1 51. Kg5 Rg1+ 52.
Kh5 Kf5 53. Ra5+ Kf6 54. Ra6+ Kf5 55. Ra5+ Kf6 56. Ra6+ Kf5 57. Ra5+ 1/2-1/2

[Event "TCh-CHN 2017"]
[Site "China CHN"]
[Date "2017.12.04"]
[Round "21.4"]
[Board "5"]
[White "Shen, Yang"]
[Black "Stefanova, Antoaneta"]
[Result "1/2-1/2"]
[WhiteTitle "IM"]
[BlackTitle "GM"]
[WhiteElo "2465"]
[BlackElo "2500"]
[WhiteTeam "Jiangsu"]
[BlackTeam "Tianjin"]
[WhiteFideId "8603162"]
[BlackFideId "2902257"]
[EventDate "2017.04.18"]

1. d4 Nf6 2. c4 g6 3. Nc3 d5 4. Bg5 Ne4 5. Bh4 Nxc3 6. bxc3 dxc4 7. e3 Be6 8.
Rb1 Nd7 9. Rxb7 Nb6 10. Bg3 c5 11. Rc7 cxd4 12. Qxd4 Qd5 13. Nf3 Qb5 14. Nd2 Rd8
15. Qxh8 Rxd2 16. Kxd2 Qb2+ 17. Ke1 Qc1+ 18. Ke2 Qc2+ 19. Ke1 Qc1+ 20. Ke2 Qc2+
21. Ke1 Qc1+ 1/2-1/2

[Event "TCh-CHN 2017"]
[Site "China CHN"]
[Date "2017.12.04"]
[Round "21.5"]
[Board "1"]
[White "Lu, Shanglei"]
[Black "Wan, Yunguo"]
[Result "1/2-1/2"]
[WhiteTitle "GM"]
[BlackTitle "GM"]
[WhiteElo "2641"]
[BlackElo "2486"]
[WhiteTeam "Zhejiang"]
[BlackTeam "Hebei"]
[WhiteFideId "8603332"]
[BlackFideId "8603189"]
[EventDate "2017.04.18"]

1. e4 c5 2. Nf3 Nc6 3. d4 cxd4 4. Nxd4 Nf6 5. Nc3 e5 6. Nde2 Bb4 7. Bd2 d5 8.
exd5 Nxd5 9. Nxd5 Qxd5 10. Bxb4 Qxd1+ 11. Rxd1 Nxb4 12. c3 Nc6 13. Ng3 Be6 14.
Ne4 Bxa2 15. Nd6+ Ke7 16. Nxb7 Rab8 17. Ba6 Nd8 18. Nxd8 Rhxd8 19. b4 Rb6 20.
Be2 Rxd1+ 21. Kxd1 a5 22. b5 Bb3+ 23. Kd2 Kd6 24. c4 Kc5 25. Kc3 a4 26. Re1 f6
27. Bd3 Rd6 28. f4 Rd4 29. fxe5 Bxc4 30. Bxh7 Bxb5 31. Bg8 Rd3+ 32. Kc2 Rd8 33.
Bf7 Be8 1/2-1/2